000 00218nam a22000857a 4500
008 170626b xxu||||| |||| 00| 0 eng d
100 _93679
_aRangarajan. K
245 _aTogether science solution X
260 _aNew delhi
_c2002
999 _c7094
_d7094